| 000 | 00711nam a2200193 a 4500 | ||
|---|---|---|---|
| 001 | 000042801 | ||
| 005 | 20201002040416.0 | ||
| 008 | 140210s1991 sp 000 0 spa d | ||
| 020 | _a8479692030 | ||
| 040 |
_aDO-SdBNP _bspa _cBNPHU |
||
| 082 |
_axxx _bxxx |
||
| 100 | 1 |
_aLondon, Jack, _d1876-1916. _933180 |
|
| 245 | 1 | 0 |
_aCara de Luna y otros relatos / _cJack London ; editor Germán Sánchez Ruipérez ; edición Juan Diego Pérez González. |
| 260 |
_a[Madrid] : _bCátedra, _bCompañía Europea de Comunicación e Información, _c1991. |
||
| 300 |
_a93 p. ; _c19 cm. |
||
| 490 | 1 |
_aBiblioteca de el sol _v173 |
|
| 700 | 1 | 2 |
_aPérez González, Juan Diego _eed. _970145 |
| 830 | 0 |
_aBiblioteca de el sol _n173 _970146 |
|
| 999 |
_c42290 _d42290 |
||